[Event "I Festival Riviera delle Palme A"]
[Site "San Benedetto del Tronto ITA"]
[Date "1998.09.??"]
[Round "2"]
[White "Aldrovandi, Costantino"]
[Black "Scavo, Fernando"]
[Result "1/2-1/2"]
[WhiteElo "2280"]
[BlackElo "2290"]
[PlyCount "58"]
[EventDate "1998.09.06"]

1. c4 Nf6 2. Nf3 c5 3. g3 Nc6 4. Bg2 d5 5. b3 dxc4 6. bxc4 g6 7. Bb2 Bg7 8. O-O
O-O 9. d3 Ne8 10. Bxg7 Kxg7 11. Qb3 Nc7 12. Nc3 Rb8 13. Rab1 b6 14. Rfd1 Bb7
15. Qb2 f6 16. Nb5 e5 17. e3 Qe7 18. Nc3 Rfd8 19. Ne1 Rd7 20. Nd5 Nxd5 21. Bxd5
Nd8 22. Bxb7 Nxb7 23. Rd2 Rbd8 24. Rbd1 Qe6 25. Ng2 Na5 26. Qc2 Nc6 27. a3 Rd6
28. f3 Qd7 29. Kf2 Kf7 1/2-1/2

[Event "I Festival Riviera delle Palme A"]
[Site "San Benedetto del Tronto ITA"]
[Date "1998.09.??"]
[Round "2"]
[White "Lazarev, Vladimir"]
[Black "Aleksieva, Silvia"]
[Result "1-0"]
[WhiteElo "2450"]
[BlackElo "2335"]
[PlyCount "65"]
[EventDate "1998.09.06"]

1. d4 Nf6 2. c4 c5 3. d5 Ne4 4. Qc2 Qa5+ 5. Nd2 Nf6 6. e4 d6 7. Ne2 g6 8. Nc3
Bg7 9. a3 O-O 10. Rb1 Na6 11. Be2 e6 12. O-O Ne8 13. f4 Bd7 14. Nf3 Qd8 15. Be3
exd5 16. cxd5 Nac7 17. Bf2 Bh6 18. Bh4 f6 19. Bg3 Ng7 20. f5 Qe7 21. fxg6 hxg6
22. Nh4 Be3+ 23. Kh1 Be8 24. e5 fxe5 25. Nxg6 Rxf1+ 26. Rxf1 Bxg6 27. Qxg6 Rf8
28. Rxf8+ Qxf8 29. Bd3 Nce8 30. Qh7+ Kf7 31. Bh4 Nf6 32. Bg6+ Ke7 33. Ne4 1-0

[Event "I Festival Riviera delle Palme A"]
[Site "San Benedetto del Tronto ITA"]
[Date "1998.09.??"]
[Round "2"]
[White "Mrdja, Milan"]
[Black "Safranska, Anda"]
[Result "1-0"]
[WhiteElo "2430"]
[BlackElo "2275"]
[PlyCount "49"]
[EventDate "1998.09.06"]

1. e4 Nf6 2. e5 Nd5 3. d4 d6 4. Nf3 g6 5. Bc4 c6 6. h3 Bg7 7. O-O dxe5 8. dxe5
O-O 9. Qe2 Be6 10. Ng5 Qc8 11. f4 Nc7 12. Nxe6 Nxe6 13. Nc3 b5 14. Bd3 Nc5 15.
a4 b4 16. Ne4 Nxd3 17. Qxd3 a5 18. Be3 Na6 19. Qc4 Qb7 20. Rad1 Rac8 21. c3 h6
22. f5 gxf5 23. Rxf5 bxc3 24. bxc3 Nb8 25. Nf6+ 1-0

[Event "I Festival Riviera delle Palme A"]
[Site "San Benedetto del Tronto ITA"]
[Date "1998.09.??"]
[Round "2"]
[White "Oppici, Gabriele"]
[Black "Vujovic, Milorad"]
[Result "0-1"]
[WhiteElo "2085"]
[BlackElo "2275"]
[PlyCount "44"]
[EventDate "1998.09.06"]

1. Nc3 e5 2. Nf3 Nc6 3. d4 exd4 4. Nxd4 Bb4 5. Nxc6 Bxc3+ 6. bxc3 bxc6 7. e4
Qe7 8. Bd3 Nf6 9. O-O O-O 10. Bg5 Qe5 11. f4 Qxc3 12. e5 Qd4+ 13. Kh1 Ne4 14.
Bh4 c5 15. Qe2 d5 16. Bxe4 dxe4 17. Rfe1 Bf5 18. Rad1 Qa4 19. g4 Bd7 20. f5 Bc6
21. f6 e3+ 22. Kg1 Qe4 0-1

[Event "I Festival Riviera delle Palme A"]
[Site "San Benedetto del Tronto ITA"]
[Date "1998.09.??"]
[Round "2"]
[White "Piva, Giorgio"]
[Black "Maksimovic, Miodrag"]
[Result "1-0"]
[WhiteElo "2165"]
[BlackElo "1910"]
[PlyCount "75"]
[EventDate "1998.09.06"]

1. d4 d5 2. Bg5 c6 3. Nf3 Qb6 4. Qc1 Bf5 5. e3 e6 6. Nbd2 Nd7 7. c4 Ngf6 8. c5
Qd8 9. h3 Be7 10. b4 a6 11. Bf4 O-O 12. Be2 Ne4 13. O-O Nxd2 14. Qxd2 Bf6 15.
Qc3 Re8 16. a4 Be4 17. Ne5 Nxe5 18. dxe5 Be7 19. Rfd1 b6 20. f3 Bg6 21. e4 a5
22. Be3 axb4 23. Qxb4 bxc5 24. Bxc5 Bxc5+ 25. Qxc5 Qg5 26. Bf1 Qxe5 27. a5 f6
28. exd5 cxd5 29. a6 Rec8 30. Qe7 Rc7 31. Qb4 Bf7 32. Rab1 g5 33. Re1 Qc3 34.
Qxc3 Rxc3 35. Rb7 Ra3 36. Rc1 Bg6 37. Rcc7 Be8 38. Kh2 1-0

[Event "I Festival Riviera delle Palme A"]
[Site "San Benedetto del Tronto ITA"]
[Date "1998.09.??"]
[Round "2"]
[White "Rotstein, Arkadij"]
[Black "Lauria, Amilcare"]
[Result "1-0"]
[WhiteElo "2515"]
[BlackElo "2255"]
[PlyCount "33"]
[EventDate "1998.09.06"]

1. c4 g6 2. g3 Bg7 3. Bg2 d6 4. d4 Nc6 5. Nf3 Nf6 6. Nc3 O-O 7. O-O Bg4 8. d5
Nb8 9. Nd4 Qd7 10. b4 Bh3 11. Rb1 Bxg2 12. Kxg2 e5 13. Nb3 Nh5 14. c5 a6 15.
Na5 c6 16. Nc4 cxd5 17. Nb6 1-0

[Event "I Festival Riviera delle Palme A"]
[Site "San Benedetto del Tronto ITA"]
[Date "1998.09.??"]
[Round "2"]
[White "Voiska, Margarita"]
[Black "Luciani, Valerio"]
[Result "1-0"]
[WhiteElo "2350"]
[BlackElo "2230"]
[PlyCount "67"]
[EventDate "1998.09.06"]

1. c4 e5 2. g3 Nc6 3. Bg2 g6 4. Nc3 Bg7 5. e3 Nge7 6. Nge2 d6 7. O-O Be6 8. Nd5
Nc8 9. d3 Qd7 10. Nec3 Nd8 11. Ne4 Bxd5 12. cxd5 c5 13. dxc6 Nxc6 14. d4 f5 15.
Nc3 Nb6 16. a4 Rd8 17. a5 Nc8 18. Qb3 e4 19. f3 d5 20. Bd2 Rf8 21. a6 b6 22.
Nb5 Rf6 23. Rac1 Qf7 24. fxe4 dxe4 25. Qxf7+ Kxf7 26. Bxe4 N8e7 27. Bg2 Bh6 28.
Rc2 Rd7 29. Rfc1 Nb8 30. Rc7 Rxc7 31. Rxc7 Nxa6 32. Rxa7 Nb8 33. d5 Ke8 34. Ra8
1-0

[Event "I Festival Riviera delle Palme A"]
[Site "San Benedetto del Tronto ITA"]
[Date "1998.09.??"]
[Round "3"]
[White "Aldrovandi, Costantino"]
[Black "Mrdja, Milan"]
[Result "0-1"]
[WhiteElo "2280"]
[BlackElo "2430"]
[PlyCount "118"]
[EventDate "1998.09.06"]

1. e4 Nf6 2. e5 Nd5 3. d4 d6 4. c4 Nb6 5. exd6 cxd6 6. Nc3 g6 7. Be3 Bg7 8. Rc1
O-O 9. b3 Nc6 10. d5 Ne5 11. Be2 Re8 12. Nf3 Nxf3+ 13. Bxf3 Nd7 14. O-O a6 15.
Be2 Qa5 16. Bd4 Rb8 17. Bxg7 Kxg7 18. Qd4+ Kg8 19. Rfd1 Nf6 20. Rb1 Qc5 21. Qd2
Bd7 22. Rbc1 Rbc8 23. h3 Rc7 24. Bf3 Qb4 25. Qh6 Kh8 26. Rd4 Ng8 27. Qe3 Qa5
28. Rf4 f6 29. Bg4 f5 30. Be2 Nf6 31. Rh4 Qc5 32. Qg5 Rg8 33. Bd3 Rg7 34. Ne2
Kg8 35. Re1 Qa5 36. Ra1 b5 37. Qe3 bxc4 38. bxc4 Qc5 39. Rb1 Qxe3 40. fxe3 Rf7
41. Rf4 Rf8 42. Rb6 Ra8 43. Nc3 Be8 44. Rf1 Nd7 45. Rc6 Rxc6 46. dxc6 Ne5 47.
c7 Rc8 48. Nd5 Kf7 49. Be2 e6 50. Nb4 Rxc7 51. Nxa6 Ra7 52. Nb4 Ra3 53. Kf2 Rc3
54. Rd1 Ke7 55. Rd4 Ra3 56. Bd1 Ba4 57. Bxa4 Rxa4 58. c5 Rxb4 59. cxd6+ Kd7 0-1

[Event "I Festival Riviera delle Palme A"]
[Site "San Benedetto del Tronto ITA"]
[Date "1998.09.??"]
[Round "3"]
[White "Aleksieva, Silvia"]
[Black "Safranska, Anda"]
[Result "1-0"]
[WhiteElo "2335"]
[BlackElo "2275"]
[PlyCount "91"]
[EventDate "1998.09.06"]

1. d4 Nf6 2. Nf3 g6 3. c4 Bg7 4. Nc3 O-O 5. Bg5 d6 6. e3 c5 7. Be2 cxd4 8. exd4
h6 9. Bh4 Nc6 10. d5 Nb8 11. O-O Bg4 12. h3 Bxf3 13. Bxf3 Nbd7 14. Rc1 Rc8 15.
b3 Qa5 16. Re1 Rfe8 17. Qc2 a6 18. a4 Qb4 19. Re3 a5 20. Bg3 Qb6 21. Rce1 Nc5
22. Nb5 Qd8 23. Qd2 Ra8 24. Bd1 Qd7 25. Qe2 Bf8 26. Bc2 Kg7 27. Nd4 Red8 28.
Bb1 Qe8 29. Bh4 Ng8 30. Qb2 Kh7 31. Nf5 Rd7 32. f4 b6 33. R1e2 Raa7 34. Qd4 Qc8
35. Be1 Rd8 36. Bc3 f6 37. Bb2 gxf5 38. g4 Rdd7 39. Bxf5+ Kh8 40. g5 Qd8 41.
Rg2 Bg7 42. Reg3 e5 43. dxe6 fxg5 44. exd7 Bxd4+ 45. Bxd4+ Nf6 46. fxg5 1-0

[Event "I Festival Riviera delle Palme A"]
[Site "San Benedetto del Tronto ITA"]
[Date "1998.09.??"]
[Round "3"]
[White "Luciani, Valerio"]
[Black "Oppici, Gabriele"]
[Result "1-0"]
[WhiteElo "2230"]
[BlackElo "2085"]
[PlyCount "73"]
[EventDate "1998.09.06"]

1. d4 Nc6 2. d5 Ne5 3. e4 e6 4. Nc3 Bb4 5. Qd4 Bxc3+ 6. Qxc3 Qf6 7. Qxc7 exd5
8. Bd2 d4 9. f4 Nc6 10. Nf3 Nge7 11. Bd3 d5 12. e5 Qe6 13. O-O Qd7 14. Qxd7+
Bxd7 15. b4 Bg4 16. b5 Bxf3 17. bxc6 Be4 18. cxb7 Rb8 19. Bb5+ Kf8 20. Ba6 Nc6
21. Bc1 f6 22. e6 g6 23. Ba3+ Kg7 24. Bd6 Rbd8 25. Bc7 Rde8 26. Bb5 Re7 27.
Bxc6 Rxc7 28. Rab1 Rb8 29. Bd7 Rxc2 30. Rf2 Rxf2 31. Kxf2 Kf8 32. Rb4 Ke7 33.
g4 d3 34. Bc8 Kd6 35. Ke3 f5 36. g5 Kc5 37. Ra4 1-0

[Event "I Festival Riviera delle Palme A"]
[Site "San Benedetto del Tronto ITA"]
[Date "1998.09.??"]
[Round "3"]
[White "Maksimovic, Miodrag"]
[Black "Casula, Stefano"]
[Result "0-1"]
[WhiteElo "1910"]
[BlackElo "1909"]
[PlyCount "150"]
[EventDate "1998.09.06"]

1. d4 f5 2. g3 Nf6 3. Bg2 e6 4. Nh3 Be7 5. Bg5 O-O 6. Nf4 d6 7. h4 c6 8. c3 Qe8
9. e3 Na6 10. Nd2 Nc7 11. a4 e5 12. Nd3 Ng4 13. Bh3 exd4 14. cxd4 Bxg5 15. hxg5
Nxe3 16. fxe3 Qxe3+ 17. Qe2 Qxg3+ 18. Kd1 Qxg5 19. Kc2 Bd7 20. Rag1 Qf6 21. Qh2
Nd5 22. Bg2 Ne3+ 23. Kb1 h6 24. Bf3 Ng4 25. Qf4 Rae8 26. Nc4 d5 27. Nce5 Bc8
28. Qg3 Qg5 29. Bxg4 fxg4 30. Nxg4 Bxg4 31. Qxg4 Qxg4 32. Rxg4 Re3 33. Ne5 Kh7
34. Rhg1 g5 35. Rh1 Rf5 36. Rg2 Re4 37. Ng4 Re6 38. Rgh2 Rf4 39. Nxh6 Kg6 40.
Rg2 Rxd4 41. Ng4 Rxa4 42. Rhg1 Rae4 43. Kc2 Re2+ 44. Kd3 Rxg2 45. Rxg2 Re4 46.
Nf2 Rf4 47. Ke3 Kf5 48. Rxg5+ Kxg5 49. Nh3+ Kf5 50. Nxf4 Ke5 51. Nd3+ Kd6 52.
b4 b6 53. Kd4 a6 54. Kc3 c5 55. bxc5+ bxc5 56. Nb2 Kc6 57. Nd3 Kb5 58. Nf4 d4+
59. Kb2 Kc4 60. Kc2 a5 61. Nd3 Kd5 62. Nb2 c4 63. Na4 Kc6 64. Kb2 Kb5 65. Ka3
Kc6 66. Kb2 Kd5 67. Nb6+ Kc5 68. Na4+ Kb4 69. Nb6 a4 70. Nd5+ Kc5 71. Nf4 c3+
72. Kc2 Kc4 73. Nd3 a3 74. Ne5+ Kd5 75. Nd3 Ke4 0-1

[Event "I Festival Riviera delle Palme A"]
[Site "San Benedetto del Tronto ITA"]
[Date "1998.09.??"]
[Round "3"]
[White "Ragozin, Evgeni"]
[Black "Rotstein, Arkadij"]
[Result "1/2-1/2"]
[WhiteElo "2480"]
[BlackElo "2515"]
[PlyCount "35"]
[EventDate "1998.09.06"]

1. c4 c5 2. Nf3 Nc6 3. d4 cxd4 4. Nxd4 Nf6 5. Nc3 e6 6. Bf4 d5 7. Ndb5 e5 8.
cxd5 exf4 9. dxc6 bxc6 10. Qxd8+ Kxd8 11. Nd4 Kc7 12. g3 Bc5 13. Nb3 Bb4 14.
Bg2 Re8 15. Nd4 Bb7 16. O-O Rad8 17. Rfd1 fxg3 18. hxg3 1/2-1/2

[Event "I Festival Riviera delle Palme A"]
[Site "San Benedetto del Tronto ITA"]
[Date "1998.09.??"]
[Round "3"]
[White "Scavo, Fernando"]
[Black "Piva, Giorgio"]
[Result "1-0"]
[WhiteElo "2290"]
[BlackElo "2165"]
[PlyCount "103"]
[EventDate "1998.09.06"]

1. d4 d5 2. c4 dxc4 3. Nf3 Nf6 4. e3 e6 5. Bxc4 c5 6. O-O a6 7. a4 Nc6 8. Qe2
cxd4 9. Rd1 Be7 10. exd4 O-O 11. Nc3 Nd5 12. Be3 Ncb4 13. Ne5 Bd7 14. Bb3 Bc6
15. Rac1 Rc8 16. Nxc6 bxc6 17. Ne4 Qb6 18. Nc5 Rfd8 19. a5 Qa7 20. Bd2 Bxc5 21.
Rxc5 Rb8 22. Qc4 g6 23. h3 Rb5 24. Ba4 Rxc5 25. dxc5 Rb8 26. Qd4 Qc7 27. Bb3 e5
28. Qe4 Nf6 29. Qf3 Nfd5 30. Bh6 Qe7 31. Qg3 Re8 32. Rc1 Kh8 33. Bd2 f6 34. Rc4
Rb8 35. Rh4 Kg7 36. Bh6+ Kh8 37. Bd2 Kg7 38. Qf3 Qxc5 39. Bh6+ Kh8 40. Rxb4
Qxb4 41. Bxd5 Qd6 42. Bxc6 Rxb2 43. Be4 Rb8 44. h4 Rd8 45. Bc2 Rb8 46. h5 gxh5
47. Qxh5 Qe7 48. Qf5 Rd8 49. Bd3 Rd6 50. Qc8+ Qd8 51. Bxa6 Qxc8 52. Bxc8 1-0

[Event "I Festival Riviera delle Palme A"]
[Site "San Benedetto del Tronto ITA"]
[Date "1998.09.??"]
[Round "3"]
[White "Voiska, Margarita"]
[Black "Lazarev, Vladimir"]
[Result "0-1"]
[WhiteElo "2350"]
[BlackElo "2450"]
[PlyCount "76"]
[EventDate "1998.09.06"]

1. c4 c5 2. Nc3 Nc6 3. g3 g6 4. Bg2 Bg7 5. Nf3 e6 6. d4 cxd4 7. Nb5 d5 8. cxd5
Qa5+ 9. Qd2 Qxb5 10. dxc6 Qxc6 11. O-O Qb6 12. b3 Nf6 13. Bb2 Ne4 14. Qd3 Nc5
15. Qc4 e5 16. Ba3 Ne6 17. Qd5 Qd8 18. Qb5+ Qd7 19. Qa5 f6 20. Nd2 Bf8 21. Ne4
Kf7 22. f4 exf4 23. gxf4 b6 24. Ng5+ Nxg5 25. Qd5+ Qxd5 26. Bxd5+ Be6 27. Bxa8
Bxa3 28. Bg2 Nh3+ 29. Kh1 Bg4 30. Rad1 Bxe2 31. Bxh3 Bxd1 32. Rxd1 Rd8 33. Rd3
Bc1 34. f5 g5 35. Bg4 Be3 36. Kg2 Rc8 37. Bd1 Rc5 38. b4 Rxf5 0-1

[Event "I Festival Riviera delle Palme A"]
[Site "San Benedetto del Tronto ITA"]
[Date "1998.09.??"]
[Round "3"]
[White "Vujovic, Milorad"]
[Black "Naumkin, Igor"]
[Result "1/2-1/2"]
[WhiteElo "2275"]
[BlackElo "2475"]
[PlyCount "20"]
[EventDate "1998.09.06"]

1. Nf3 Nf6 2. c4 b6 3. g3 Bb7 4. Bg2 e6 5. Nc3 Be7 6. O-O O-O 7. d4 Ne4 8. Nxe4
Bxe4 9. Ne1 Bxg2 10. Nxg2 d5 1/2-1/2

[Event "I Festival Riviera delle Palme A"]
[Site "San Benedetto del Tronto ITA"]
[Date "1998.09.??"]
[Round "4"]
[White "Aleksieva, Silvia"]
[Black "Lauria, Amilcare"]
[Result "1-0"]
[WhiteElo "2335"]
[BlackElo "2255"]
[PlyCount "121"]
[EventDate "1998.09.06"]

1. d4 g6 2. c4 Bg7 3. Nf3 d6 4. Nc3 Nf6 5. Bg5 h6 6. Bh4 O-O 7. e3 Nbd7 8. Be2
c5 9. O-O b6 10. Qd2 g5 11. Bg3 Nh5 12. Rad1 Ndf6 13. Bd3 Bg4 14. Bb1 Qc8 15.
Qd3 Re8 16. Rd2 Bxf3 17. gxf3 cxd4 18. exd4 Qc6 19. d5 Qc5 20. Re1 Rac8 21. b3
a6 22. a4 Kf8 23. Rde2 Qc7 24. Nd1 Qd7 25. Ne3 Ng8 26. Nf5 Bf6 27. Nd4 Bxd4 28.
Qxd4 b5 29. cxb5 axb5 30. Bd3 bxa4 31. bxa4 Nxg3 32. hxg3 e5 33. dxe6 Rxe6 34.
Kg2 Rxe2 35. Rxe2 Rc5 36. Bb5 Rxb5 37. axb5 Qxb5 38. Qxd6+ Kg7 39. Qd4+ Nf6 40.
Rb2 Qd5 41. Qc3 h5 42. Rb6 Qf5 43. Qd4 g4 44. f4 Qe4+ 45. Qxe4 Nxe4 46. Kf1 Nf6
47. Rb5 Kg6 48. Ke2 Ne4 49. Ke3 f5 50. Rb6+ Kf7 51. Rb4 Nf6 52. Kd4 Ne4 53. Ke5
Nxf2 54. Kxf5 Nh1 55. Rb7+ Kf8 56. Kf6 Ke8 57. Rb3 h4 58. gxh4 g3 59. Re3+ Kf8
60. Re1 Nf2 61. Rg1 1-0

[Event "I Festival Riviera delle Palme A"]
[Site "San Benedetto del Tronto ITA"]
[Date "1998.09.??"]
[Round "4"]
[White "Casula, Stefano"]
[Black "Piva, Giorgio"]
[Result "1/2-1/2"]
[WhiteElo "1909"]
[BlackElo "2165"]
[PlyCount "45"]
[EventDate "1998.09.06"]

1. d4 d5 2. Bf4 Nc6 3. e3 Bf5 4. c3 e6 5. Nf3 Bd6 6. Bg3 Bg4 7. Nbd2 f5 8. Qb3
Rb8 9. a3 Bxf3 10. Nxf3 Nf6 11. Bh4 O-O 12. Be2 Ne7 13. c4 c6 14. Bg3 Ng6 15.
Ne5 Ne4 16. O-O-O Bxe5 17. dxe5 Nxg3 18. hxg3 Nxe5 19. Qc2 h6 20. f4 Nd7 21. g4
fxg4 22. Rxh6 Nf6 23. Rdh1 1/2-1/2

[Event "I Festival Riviera delle Palme A"]
[Site "San Benedetto del Tronto ITA"]
[Date "1998.09.??"]
[Round "4"]
[White "Mrdja, Milan"]
[Black "Ragozin, Evgeni"]
[Result "1-0"]
[WhiteElo "2430"]
[BlackElo "2480"]
[PlyCount "79"]
[EventDate "1998.09.06"]

1. e4 e5 2. Nf3 Nc6 3. Bb5 Nf6 4. Qe2 a6 5. Ba4 b5 6. Bb3 Bc5 7. c3 O-O 8. O-O
Qe8 9. Rd1 Ba7 10. d3 Na5 11. Bc2 c5 12. Bg5 Qe6 13. Nbd2 h6 14. Bh4 Nh5 15.
Bg3 Nxg3 16. hxg3 d6 17. a3 Bb7 18. b4 Nc6 19. Bb3 Qd7 20. Nf1 cxb4 21. axb4
Ne7 22. d4 exd4 23. Nxd4 Rac8 24. Rac1 Rce8 25. Qd3 Ng6 26. Bd5 Ne5 27. Qc2
Bxd5 28. exd5 Ng4 29. Qa2 Re5 30. Nh2 Nf6 31. Nc6 Rxd5 32. Rxd5 Qxc6 33. Rf5
Ne4 34. Rf3 d5 35. Ng4 d4 36. Rxf7 Rxf7 37. Qxf7+ Kh8 38. Qxa7 Nxc3 39. Kh1 d3
40. Qd4 1-0

[Event "I Festival Riviera delle Palme A"]
[Site "San Benedetto del Tronto ITA"]
[Date "1998.09.??"]
[Round "4"]
[White "Naumkin, Igor"]
[Black "Scavo, Fernando"]
[Result "1-0"]
[WhiteElo "2475"]
[BlackElo "2290"]
[PlyCount "107"]
[EventDate "1998.09.06"]

1. d4 e6 2. c4 Nf6 3. Nf3 b6 4. g3 Bb4+ 5. Bd2 Be7 6. Nc3 Bb7 7. Bg2 c6 8. e4
d5 9. cxd5 cxd5 10. e5 Ne4 11. O-O O-O 12. Re1 Nxd2 13. Qxd2 Nc6 14. Bf1 Rc8
15. Bd3 Na5 16. Qc2 h6 17. h4 Nc4 18. Qe2 Bb4 19. Rac1 f5 20. exf6 Qxf6 21.
Bxc4 dxc4 22. Ne5 Qf5 23. f4 g5 24. Ng4 Kg7 25. fxg5 hxg5 26. Rf1 Bf3 27. Qe5+
Qxe5 28. Nxe5 Ba8 29. hxg5 Rh8 30. Rf7+ Kg8 31. g6 Rf8 32. Rcf1 Rh1+ 33. Kf2
Rxf1+ 34. Kxf1 Bd6 35. Ke2 Bxe5 36. Rxf8+ Kxf8 37. dxe5 Kg7 38. Ke3 Kxg6 39.
Nb5 Kf5 40. Kd4 a6 41. Nd6+ Kg4 42. Nxc4 b5 43. Nb6 Bf3 44. Kc5 Kxg3 45. Kd6
Bg4 46. Na8 Kf4 47. Nc7 Ke3 48. Nxa6 Kd3 49. Nc7 Kc2 50. b4 Kd3 51. Nxe6 Kc4
52. a3 Kb3 53. Nc7 Kxa3 54. Kc5 1-0

[Event "I Festival Riviera delle Palme A"]
[Site "San Benedetto del Tronto ITA"]
[Date "1998.09.??"]
[Round "4"]
[White "Safranska, Anda"]
[Black "Luciani, Valerio"]
[Result "0-1"]
[WhiteElo "2275"]
[BlackElo "2230"]
[PlyCount "127"]
[EventDate "1998.09.06"]

1. e4 e6 2. d4 d5 3. Nd2 c5 4. Ngf3 Nf6 5. e5 Nfd7 6. c3 Nc6 7. Be2 cxd4 8.
cxd4 f6 9. exf6 Nxf6 10. O-O Bd6 11. Re1 O-O 12. Nf1 Qb6 13. Ne3 Bd7 14. a3 a5
15. b3 Rac8 16. Bb2 Na7 17. Ne5 Be8 18. Bf3 Nb5 19. Qd2 Be7 20. N3g4 Nd6 21.
Nxf6+ Bxf6 22. Qd1 Kh8 23. a4 Nf7 24. Ba3 Rg8 25. Bc5 Qc7 26. Ng4 b6 27. Ba3
Bd7 28. Nxf6 gxf6 29. Rc1 Qf4 30. Rxc8 Bxc8 31. Bc1 Qf5 32. g3 Ba6 33. Bg2 Rc8
34. Qf3 Bd3 35. g4 Qxf3 36. Bxf3 Kg7 37. Bf4 Nd8 38. Kg2 Rc6 39. g5 Bc2 40. Re3
Nf7 41. gxf6+ Kxf6 42. Be2 Nd6 43. Rh3 Be4+ 44. f3 Bf5 45. Rg3 Bg6 46. Be5+ Ke7
47. Kf2 Rc2 48. Ke1 Rb2 49. h4 Rxb3 50. h5 Bxh5 51. Rg7+ Nf7 52. Rxh7 Bxf3 53.
Bb5 Be4 54. Rg7 Kf8 55. Rg3 Rb1+ 56. Kd2 Nxe5 57. dxe5 Rb2+ 58. Kc3 Rf2 59. Rg1
Bf5 60. Kd4 Rf4+ 61. Ke3 Re4+ 62. Kf3 Rxe5 63. Rc1 d4 64. Rc6 0-1

[Event "I Festival Riviera delle Palme A"]
[Site "San Benedetto del Tronto ITA"]
[Date "1998.09.??"]
[Round "4"]
[White "Sbraccia, Giovanni"]
[Black "Aldrovandi, Costantino"]
[Result "0-1"]
[WhiteElo "2115"]
[BlackElo "2280"]
[PlyCount "80"]
[EventDate "1998.09.06"]

1. g3 Nf6 2. Bg2 g6 3. e4 d6 4. d3 Bg7 5. Ne2 c5 6. O-O Nc6 7. f4 Bd7 8. Nd2
Qc8 9. Nf3 Nh5 10. c3 f5 11. Be3 Nf6 12. exf5 gxf5 13. Re1 b6 14. Nh4 O-O 15.
Kh1 Qc7 16. Bg1 Rae8 17. Nf3 Kh8 18. Qc2 Nd8 19. Rad1 Nf7 20. Ng5 e6 21. Nxf7+
Rxf7 22. Nc1 Rfe7 23. Re2 Bc8 24. Rde1 h5 25. h4 Bh6 26. Kh2 Rg8 27. Bh3 Ng4+
28. Bxg4 Rxg4 29. Kh3 Reg7 30. Bh2 Qf7 31. Rg2 e5 32. Qe2 Bb7 33. Rgg1 Qf6 34.
Qf2 Qg6 35. Ne2 Bc6 36. fxe5 dxe5 37. d4 f4 38. dxe5 Rxh4+ 39. gxh4 Qg4+ 40.
Rxg4 hxg4# 0-1

[Event "I Festival Riviera delle Palme A"]
[Site "San Benedetto del Tronto ITA"]
[Date "1998.09.??"]
[Round "4"]
[White "Vujovic, Milorad"]
[Black "Voiska, Margarita"]
[Result "0-1"]
[WhiteElo "2275"]
[BlackElo "2350"]
[PlyCount "76"]
[EventDate "1998.09.06"]

1. Nf3 d5 2. c4 c6 3. Qb3 Nf6 4. g3 e6 5. Bg2 Be7 6. O-O O-O 7. d4 b6 8. Bf4
Ba6 9. cxd5 cxd5 10. Nc3 Bc4 11. Qc2 Nc6 12. Rfd1 Nh5 13. b3 Nxf4 14. gxf4 Ba6
15. f5 Rc8 16. fxe6 fxe6 17. a3 Bd6 18. b4 Ne7 19. Qd2 Ng6 20. b5 Bb7 21. e3
Rc7 22. Rf1 Rxf3 23. Bxf3 Qh4 24. Rfd1 Qxh2+ 25. Kf1 Nh4 26. Bh5 Nf5 27. Be8
Rc8 28. Ke2 Ng3+ 29. Kd3 Ne4 30. Nxe4 dxe4+ 31. Ke2 Bd5 32. Qe1 Rxe8 33. Qg1
Qh5+ 34. Kd2 Bc4 35. Re1 Qxb5 36. Rec1 Bd3 37. Qg4 Qb2+ 38. Ke1 Bxa3 0-1

[Event "I Festival Riviera delle Palme A"]
[Site "San Benedetto del Tronto ITA"]
[Date "1998.09.??"]
[Round "5"]
[White "Aldrovandi, Costantino"]
[Black "Rotstein, Arkadij"]
[Result "1-0"]
[WhiteElo "2280"]
[BlackElo "2515"]
[PlyCount "111"]
[EventDate "1998.09.06"]

1. e4 c5 2. c3 Nf6 3. e5 Nd5 4. d4 cxd4 5. cxd4 d6 6. Nf3 e6 7. Bc4 Be7 8. O-O
O-O 9. Qe2 Nc6 10. Qe4 Qc7 11. Nbd2 Bd7 12. a3 Kh8 13. Bxd5 exd5 14. Qxd5 dxe5
15. dxe5 Bf5 16. Re1 Rad8 17. Qc4 Qb6 18. Qf4 Bg6 19. Nc4 Qb3 20. Bd2 Bc5 21.
Bc3 Nd4 22. Na5 Qb6 23. b4 Nxf3+ 24. Qxf3 Be7 25. Qxb7 Qxb7 26. Nxb7 Rd3 27.
Bb2 h6 28. Rad1 Rxd1 29. Rxd1 Rc8 30. Rc1 Rb8 31. Na5 Bg5 32. Rd1 Rc8 33. Bd4
Rd8 34. Nc6 Rd5 35. h4 Bxh4 36. g3 Bd8 37. Nxd8 Rxd8 38. e6 Kg8 39. e7 Re8 40.
Bc5 a6 41. Rd6 a5 42. b5 f6 43. Rd8 Kf7 44. f3 Bf5 45. Kf2 Bc8 46. Ke3 h5 47.
Bd6 Bb7 48. f4 g5 49. f5 h4 50. gxh4 gxh4 51. Kf4 h3 52. Kg3 Be4 53. b6 a4 54.
Kh2 Bg2 55. Rd7 Be4 56. Ra7 1-0

[Event "I Festival Riviera delle Palme A"]
[Site "San Benedetto del Tronto ITA"]
[Date "1998.09.??"]
[Round "5"]
[White "Lauria, Amilcare"]
[Black "Vujovic, Milorad"]
[Result "0-1"]
[WhiteElo "2255"]
[BlackElo "2275"]
[PlyCount "80"]
[EventDate "1998.09.06"]

1. e4 c5 2. Nf3 a6 3. c4 Nc6 4. d4 cxd4 5. Nxd4 e6 6. Nxc6 bxc6 7. Bd3 Nf6 8.
O-O d5 9. cxd5 cxd5 10. e5 Nd7 11. Qa4 Be7 12. Nc3 O-O 13. Qc2 h6 14. Qe2 Qb6
15. Bf4 a5 16. Rad1 Ba6 17. Bxa6 Qxa6 18. Qg4 f5 19. exf6 Nxf6 20. Qg6 Kh8 21.
Rfe1 Bc5 22. Be5 Bxf2+ 23. Kxf2 Ng4+ 24. Kg1 Nxe5 25. Rxe5 Qb6+ 26. Kh1 Qxb2
27. Qd3 Rac8 28. Re3 Rf4 29. Ne2 Rf6 30. Rf3 Rxf3 31. Qxf3 Qxa2 32. Nf4 Qc2 33.
Nxe6 a4 34. Nd4 Qb2 35. Qxd5 a3 36. Qd7 Ra8 37. Qb5 Rd8 38. Qf1 a2 39. Nb3 Rxd1
40. Qxd1 Qxb3 0-1

[Event "I Festival Riviera delle Palme A"]
[Site "San Benedetto del Tronto ITA"]
[Date "1998.09.??"]
[Round "5"]
[White "Lazarev, Vladimir"]
[Black "Mrdja, Milan"]
[Result "1-0"]
[WhiteElo "2450"]
[BlackElo "2430"]
[PlyCount "77"]
[EventDate "1998.09.06"]

1. d4 Nf6 2. c4 g6 3. Nc3 Bg7 4. e4 d6 5. h3 O-O 6. Bg5 c5 7. d5 a6 8. a4 Qa5
9. Bd2 e6 10. Bd3 exd5 11. cxd5 Nbd7 12. Nf3 Ne8 13. O-O Qd8 14. Bg5 Bf6 15.
Be3 Nc7 16. Nd2 Rb8 17. a5 b5 18. axb6 Nxb6 19. f4 Re8 20. Bf2 Bg7 21. Qf3 Bb7
22. g4 Qd7 23. f5 Nb5 24. f6 Bf8 25. Be3 Bc8 26. Qg3 Bb7 27. Rae1 Nxc3 28. bxc3
Bxd5 29. Qh4 Re5 30. Bh6 Qe8 31. exd5 Nxd5 32. Nf3 Rxe1 33. Rxe1 Qd8 34. Bxf8
Qxf8 35. Bc4 Nxc3 36. Ng5 h6 37. Nxf7 d5 38. Nxh6+ Kh7 39. Re7+ 1-0

[Event "I Festival Riviera delle Palme A"]
[Site "San Benedetto del Tronto ITA"]
[Date "1998.09.??"]
[Round "5"]
[White "Ragozin, Evgeni"]
[Black "Aleksieva, Silvia"]
[Result "1/2-1/2"]
[WhiteElo "2480"]
[BlackElo "2335"]
[PlyCount "87"]
[EventDate "1998.09.06"]

1. c4 c5 2. Nf3 b6 3. e3 Nf6 4. Nc3 e6 5. a3 Be7 6. d4 O-O 7. d5 exd5 8. cxd5
d6 9. Be2 Re8 10. Nd2 Bf8 11. e4 Ba6 12. O-O Bxe2 13. Qxe2 Nbd7 14. f3 g6 15.
Qa6 Nh5 16. Nc4 Ne5 17. Nxe5 Rxe5 18. Bd2 Re8 19. g3 Qc8 20. Qxc8 Raxc8 21. g4
Nf6 22. Nb5 a6 23. Na7 Rc7 24. Nc6 Nd7 25. g5 Bg7 26. Rab1 Ne5 27. Nxe5 Bxe5
28. Kg2 b5 29. Rfc1 h6 30. h4 hxg5 31. hxg5 Kg7 32. Be3 Kf8 33. b4 c4 34. Rc2
f5 35. gxf6 Rh7 36. Rh1 Rxh1 37. Kxh1 Kf7 38. Kg2 Rh8 39. f4 Bxf6 40. a4 Re8
41. Kf3 Rh8 42. Kg2 Re8 43. Kf3 Rh8 44. Kg2 1/2-1/2